Cómo hacer presentaciones : (Registro nro. 6466)

Detalles MARC
000 -LEADER
fixed length control field 01881nam a22003137a 4500
003 - CONTROL NUMBER IDENTIFIER
control field OSt
005 - DATE AND TIME OF LATEST TRANSACTION
control field 20200212171102.0
008 - FIXED-LENGTH DATA ELEMENTS--GENERAL INFORMATION
fixed length control field 200210s2009 cl o|||fr|||| 00| 0 spa d
020 ## - INTERNATIONAL STANDARD BOOK NUMBER
International Standard Book Number 9789568827083
040 ## - CATALOGING SOURCE
Original cataloging agency CO-JMCR
Transcribing agency CO-JMCR
041 1# - LANGUAGE CODE
Language code of text/sound track or separate title spa
Language code of original eng
082 ## - DEWEY DECIMAL CLASSIFICATION NUMBER
Classification number 808.51 /
Item number M86c
Edition number 20
100 1# - MAIN ENTRY--PERSONAL NAME
Personal name Morgan, Nick,
Relator term autor
9 (RLIN) 327
245 10 - TITLE STATEMENT
Title Cómo hacer presentaciones :
Remainder of title soluciones prácticas para los desafíos del día a día /
Statement of responsibility, etc. Nick Morgan
250 ## - EDITION STATEMENT
Edition statement 1a. edición
260 ## - PUBLICATION, DISTRIBUTION, ETC.
Place of publication, distribution, etc. Santiago de Chile :
Name of publisher, distributor, etc. Harvard Business Press,
Date of publication, distribution, etc. 2009
300 ## - PHYSICAL DESCRIPTION
Extent ix, 87 páginas :
Other physical details fotografías a blanco y negro ;
Dimensions 18 cm.
490 0# - SERIES STATEMENT
Series statement Serie Pocket Mentor
500 ## - GENERAL NOTE
General note Incluye datos biográficos del autor en tapa posterior.
500 ## - GENERAL NOTE
General note "Conozca a su audiencia, planifique los apoyos visuales, supere los temores, ensaye eficazmente"--Tapa
500 ## - GENERAL NOTE
General note Título original: Giving presentations
504 ## - BIBLIOGRAPHY, ETC. NOTE
Bibliography, etc. note Bibliografía: página 87
505 0# - FORMATTED CONTENTS NOTE
Formatted contents note Cómo hacer presentaciones: lo básico -- Todo sobre presentaciones -- Lo primero es lo primero -- Decida qué va a decir -- Prepare su presentación -- Planifique los apoyos grupales -- Presentaciones grupales -- Ensaye -- Prepárese -- Comienza el espectáculo -- Cómo manejar las preguntas -- Evaluación después de la presentación -- Consejos y herramientas -- Herramientas de cómo hacer presentaciones
520 ## - SUMMARY, ETC.
Summary, etc. Obtener los resultados que espera de su presentación implica algo más que el armado visual. Esta guía le proporciona las destrezas cruciales necesarias para conectarse con su audiencia y mantener su atención. Aprenda a: personalizar su mensaje, interesar a su audiencia, maneja la sesión de preguntas y respuestas.
546 ## - LANGUAGE NOTE
Language note Traducido del inglés
650 14 - SUBJECT ADDED ENTRY--TOPICAL TERM
Topical term or geographic name entry element Comunicación en administración
9 (RLIN) 328
650 14 - SUBJECT ADDED ENTRY--TOPICAL TERM
Topical term or geographic name entry element Comunicación oral
General subdivision estrategia y técnicas
9 (RLIN) 329
942 ## - ADDED ENTRY ELEMENTS (KOHA)
Source of classification or shelving scheme Dewey Decimal Classification
Koha item type Books
Existencias
Withdrawn status Lost status Source of classification or shelving scheme Damaged status Not for loan Collection code Home library Current library Shelving location Date acquired Source of acquisition Cost, normal purchase price Total Checkouts Full call number Barcode Date last seen Date last checked out Copy number Price effective from Koha item type
    Dewey Decimal Classification     Non-fiction Biblioteca Pública José María del Castillo y Rada Biblioteca Pública José María del Castillo y Rada Processing Center 12/26/2019 Donación 0.00 2 808.51 / M86c 201809765 05/16/2024 04/12/2023 Ej.1 02/10/2020 Books